Podnikanie zahraničných osôb v Slovenskej republike

Právna úprava a rozlišovanie spôsobov podnikania zahraničných fyzických alebo právnických osôb na Slovensku podľa Obchodného zákonníka.

Salvato in:
Dettagli Bibliografici
Autore principale: Gašparová, Jana
Natura: Capitolo di libro
Lingua:slovacco
Soggetti:
Tags: Aggiungi Tag
Nessun Tag, puoi essere il primo ad aggiungerne!!

MARC

LEADER 00000naa a2200000 4500
001 r046162
005 20231004100525.8
041 0 |a slo 
044 |a CZ 
245 1 0 |a Podnikanie zahraničných osôb v Slovenskej republike  |c Jana Gašparová 
520 |a Právna úprava a rozlišovanie spôsobov podnikania zahraničných fyzických alebo právnických osôb na Slovensku podľa Obchodného zákonníka. 
610 2 0 |a podnikanie 
610 2 0 |a osoby zahraničné 
610 2 0 |a zákonník obchodný 
610 2 0 |a osoby fyzické 
610 2 0 |a osoby právnické 
610 2 0 |a Slovensko 
100 1 |a Gašparová, Jana